World Energy Issues Oil - How Long Will
Uloženo v:
| Hlavní autor: | |
|---|---|
| Médium: | Kniha |
| Vydáno: |
Franklin Watts
|
| Tagy: |
Přidat tag
Žádné tagy, Buďte první, kdo otaguje tento záznam!
|
| LEADER | 00762cam a22001937a 4500 | ||
|---|---|---|---|
| 001 | (Sirsi) i9780749690793 | ||
| 005 | 20190330161933.0 | ||
| 008 | 190219n xx ||||||||||||||||| |d | ||
| 020 | |a 9780749690793 | ||
| 040 | |a SMLIBRARY |b eng |c SMLIBRARY |e AACR2 | ||
| 100 | |a Jim Pipe | ||
| 245 | 1 | |a World Energy Issues Oil - How Long Will | |
| 260 | |b Franklin Watts | ||
| 901 | |a Y 333.8232 PIP |i BK10011608F |m SMLIBRARY |l YP |t BOOK |p 84.15 |x YP |z YPNFIC |u 18/11/2013 | ||
| 903 | |a SMLNEWITEM, SMLPOPULAR | ||
| 904 | |a 1 | ||
| 942 | |2 ddc |c BOOK | ||
| 952 | |0 0 |1 0 |2 ddc |4 0 |6 Y_333_823200000000000_PIP |7 0 |8 YP | YPNFIC |9 35414 |a SMLIBRARY |b SMLIBRARY |c YP |d 2013-11-18 |g 84.15 |l 1 |o Y 333.8232 PIP |p BK10011608F |r 2019-11-02 00:00:00 |s 2019-10-19 |t 1 |v 84.15 |w 2019-06-25 |y YPBOOK | ||
| 999 | |c 29978 |d 29978 | ||